000 00345nam a22001457a 4500
020 _a9780198070924
082 _a030
_bWHI/O
100 _aWHITCUT, JANET
245 _aOXFORD BETTER WORD POWER
250 _aFIRST INDIAN EDITION
260 _aDELHI
_bOXFORD UNIVERSITY PRESS
_c2011
300 _a329
650 _aDICTIONARY
_zINDIA
942 _cBK
999 _c1745
_d1745